| 000 | 00494pab a2200193 454500 | ||
|---|---|---|---|
| 008 | 180718b2005 xxu||||| |||| 00| 0 eng d | ||
| 100 | _aSharma, Kishore | ||
| 245 | _aTrade policy, poverty and inequality in Nepal | ||
| 260 | _c2005 | ||
| 300 | _ap.241-50. | ||
| 362 | _aJul-Dec | ||
| 650 | _aIncome distribution - Nepal | ||
| 650 | _aTrade | ||
| 650 | _aNepal - Commerce | ||
| 650 | _aPoverty - Nepal | ||
| 650 | _aPoverty | ||
| 773 | _aSouth Asian Economic Journal | ||
| 909 | _a67694 | ||
| 999 |
_c67694 _d67694 |
||